|
|
|
|
| LEADER |
02156nam a2200373 u 4500 |
| 001 |
10030221 |
| 003 |
upatras |
| 005 |
20210914114506.0 |
| 008 |
990927s1991 at eng |
| 020 |
|
|
|a 0201182408
|
| 040 |
|
|
|a GR-PaULI
|c GR-PaULI
|
| 041 |
0 |
|
|a eng
|
| 082 |
0 |
4 |
|a 629.892
|
| 100 |
1 |
|
|a McKerrow, Phillip,
|d 1949-
|9 115305
|
| 245 |
1 |
0 |
|a Introduction to robotics
|c Phillip John McKerrow
|
| 260 |
|
|
|a Sydney
|b Addison-Wesley
|c 1991
|
| 300 |
|
|
|a xvi, 811 p.
|b fig.
|c 24 cm.
|
| 490 |
0 |
|
|a Electronic systems engineering series
|
| 504 |
|
|
|a Includes bibliographical references and index
|
| 650 |
|
4 |
|a Ρομποτική
|9 796
|
| 760 |
0 |
|
|a Electronic systems engineering series
|
| 852 |
|
|
|a GR-PaULI
|b ΠΑΤΡΑ
|b ΒΚΠ
|b ΒΣ1
|k ΑΣΧΞ
|h 629.892 M
|m 051327
|p 025000068526
|t 1
|
| 852 |
|
|
|a GR-PaULI
|b ΠΑΤΡΑ
|b ΒΚΠ
|b ΒΣ1
|k ΑΣΧΞ
|h 629.892 M
|m 051329
|p 025000068528
|t 2
|
| 852 |
|
|
|a GR-PaULI
|b ΠΑΤΡΑ
|b ΒΚΠ
|b ΒΣ1
|k ΑΣΧΞ
|h 629.892 M
|m 051326
|p 025000068527
|t 3
|
| 852 |
|
|
|a GR-PaULI
|b ΠΑΤΡΑ
|b ΒΚΠ
|b ΒΣ1
|k ΑΣΧΞ
|h 629.892 M
|m 051328
|p 025000068529
|t 4
|
| 852 |
|
|
|a GR-PaULI
|b ΠΑΤΡΑ
|b ΒΚΠ
|b ΒΣ1
|k ΑΣΧΞ
|h 629.892 M
|m 051330
|p 025000068515
|t 5
|
| 942 |
|
|
|2 ddc
|c BK15
|
| 952 |
|
|
|0 0
|1 0
|2 ddc
|4 0
|6 629_892000000000000_MCK
|7 0
|9 198998
|a LISP
|b LISP
|c BSC
|d 2016-04-24
|i 051327
|l 0
|o 629.892 MCK
|p 025000068526
|r 2016-04-24 00:00:00
|t 1
|w 2016-04-24
|y BK15
|
| 952 |
|
|
|0 0
|1 0
|2 ddc
|4 0
|6 629_892000000000000_MCK
|7 0
|9 198999
|a LISP
|b LISP
|c BSC
|d 2016-04-24
|i 051329
|l 1
|o 629.892 MCK
|p 025000068528
|r 2020-02-24 00:00:00
|s 2020-02-24
|t 2
|w 2016-04-24
|y BK15
|
| 952 |
|
|
|0 0
|1 0
|2 ddc
|4 0
|6 629_892000000000000_MCK
|7 0
|9 199000
|a LISP
|b LISP
|c BSC
|d 2016-04-24
|i 051326
|l 2
|m 2
|o 629.892 MCK
|p 025000259246
|r 2024-02-07 00:00:00
|s 2023-12-12
|t 3
|w 2016-04-24
|y BK15
|
| 952 |
|
|
|0 0
|1 0
|2 ddc
|4 0
|6 629_892000000000000_MCK
|7 0
|9 199001
|a LISP
|b LISP
|c BSC
|d 2016-04-24
|i 051328
|l 0
|o 629.892 MCK
|p 025000068529
|r 2016-04-24 00:00:00
|t 4
|w 2016-04-24
|y BK15
|
| 952 |
|
|
|0 0
|1 4
|2 ddc
|4 0
|6 629_892000000000000_MCK
|7 0
|9 199002
|a LISP
|b LISP
|c BSC
|d 2016-04-24
|i 051330
|l 0
|o 629.892 MCK
|p 025000068515
|r 2016-04-24 00:00:00
|t 5
|w 2016-04-24
|y BK15
|
| 998 |
|
|
|c ΗΛΙΟΠΟΥΛΟΥ
|d 1999-09
|
| 999 |
|
|
|c 122119
|d 122119
|